Introduction to the Theory of analytic functions of several complex variables /
Guardado en:
| Autor Principal: | |
|---|---|
| Formato: | Libro |
| Idioma: | English Russian |
| Publicado: |
Providence :
American Mathematical Society,
1963
|
| Series: | Translations of mathematical monographs ;
v. 8, etc. |
| Materias: | |
| Etiquetas: |
Agregar Etiqueta
Sin Etiquetas, Sea el primero en etiquetar este registro!
|
| LEADER | 00994cam a22002411a 4500 | ||
|---|---|---|---|
| 001 | MAT.inmabb005741 | ||
| 008 | 831202s1963####riu######b####000#0#eng## | ||
| 005 | 20130323062921.0 | ||
| 245 | 1 | 0 | |a Introduction to the Theory of analytic functions of several complex variables / |c [Translated from the Russian by A.A. Brown, J.M. Danskin, and E. Hewitt]. |
| 260 | |a Providence : |b American Mathematical Society, |c 1963 |g (impresión de 1965) | ||
| 300 | |a v. ; |c 24 cm. | ||
| 490 | 1 | |a Translations of mathematical monographs ; |v v. 8- | |
| 504 | |a Bibliografía: p. 357-367. | ||
| 510 | 4 | |a MR, |c 27 #4945 | |
| 100 | 1 | |a Fuks, B. A. |q (Boris Abramovich) | |
| 240 | 1 | 0 | |a Teoriia analiticheskikh funktsii mnogikh kompleksnykh peremennykh. |l Inglés |
| 830 | 0 | |a Translations of mathematical monographs ; |v v. 8, etc. | |
| 650 | 0 | |a Functions of several complex variables. | |
| 084 | |a 32.00 |2 MR | ||
| 010 | |a 63015662 | ||
| 040 | |a DLC/ICU |c ICU |d DLC | ||
| 041 | 1 | |a eng |h rus | |
| 859 | |h 32 |i F961 |p A-2959 |b BIB. MATEMATICA | ||
